| 000 | 00590nam a2200193Ia 4500 | ||
|---|---|---|---|
| 003 | OSt | ||
| 005 | 20260110103635.0 | ||
| 008 | 210210b xxu||||| |||| 00| 0 eng d | ||
| 040 | _cAL | ||
| 041 | _aKannada | ||
| 082 | _a859/1082 | ||
| 100 |
_aPUTTAPPA (KV) _996445 _bಪುಟ್ಟಪ್ಪ (ಕೆವಿ) |
||
| 245 |
_aNanna devaru mattu itara kathegalu _bನನ್ನ ದೇವರು ಮತ್ತು ಇತರ ಕಥೆಗಳು |
||
| 260 |
_aBengaluru _bSharada Prakatanalalya |
||
| 650 |
_aKuvempu _996446 |
||
| 690 |
_aKannada Fiction _996447 |
||
| 906 | _a021828 | ||
| 942 |
_2ddc _cBK |
||
| 999 |
_c145926 _d145926 |
||